Districts in Aydın - Statistics

General Stats
  • This quiz has been taken 23 times
  • The average score is 12 of 17
Answer Stats
District % Correct
Didim
100%
Söke
100%
Kuşadası
95%
Nazilli
95%
Efeler
84%
Buharkent
79%
Germencik
79%
İncirliova
74%
Çine
68%
Köşk
68%
Kuyucak
68%
Karpuzlu
63%
Sultanhisar
58%
Karacasu
53%
Yenipazar
42%
Bozdoğan
37%
Koçarlı
32%
No matching quizzes found
Score Distribution
Percent of People with Each Score
Percentile by Number Answered
Your Score History
You have not taken this quiz